|
|
|
|
| LEADER |
00000nam a2200000 a 4500 |
| 001 |
vtls008865768 |
| 003 |
SK-MaSNL |
| 005 |
20260301134508.0 |
| 008 |
240318s1573 gw 0 lat |
| 015 |
|
|
|a SNBHFA1573
|
| 035 |
|
|
|a cpl000126541
|
| 035 |
|
|
|a urn:nbn:sk:snk-am3izi1
|
| 035 |
|
|
|a 892002F2-F290-4E4E-BAAA-CADA1C1EF90D
|
| 035 |
|
|
|a urn:nbn:sk:snk-am00gdkg
|
| 040 |
|
|
|a SNK
|b slo
|c SNK
|e AACR2
|
| 041 |
0 |
|
|a lat
|
| 044 |
|
|
|a gw
|c DE
|
| 072 |
|
7 |
|a 2-1
|x Prirodzená teológia. Náboženská filozofia
|2 konspekt
|
| 080 |
|
|
|a 2-1
|2 2011
|
| 100 |
1 |
|
|a Kanízius, Peter,
|c svätý,
|d 1521-1597
|4 aut
|9 44714
|
| 245 |
1 |
0 |
|a Svmma Doctrinae Christianae
|b Per Qvaestiones Catechisticas luculenter tradita, multis in locis locupletata, et postremô recognita.
|c Avctore D. Petro Canisio Societatis Iesv Theologo
|
| 260 |
|
|
|a Coloniae
|b Apud Maternum Cholinum
|c M.D.LXXIII. [= 1573]
|
| 300 |
|
|
|a [22], 424, [18] str.
|c 12°
|c 14,5 x 8 cm
|
| 500 |
|
|
|a Signet, iniciálky s ornamentálnym pozadím vo voľnom priestore na 3 a 5 r., marginálie, kustody
|
| 508 |
|
|
|a Ded.: Wilhelm - knieža bavorský; Kanízius, Peter; Kolín nad Rýnom - senát mesta
|
| 510 |
4 |
|
|a VD 16 C/730
|
| 546 |
|
|
|a Latinský jazyk
|b Antikva
|
| 561 |
|
|
|a Proveniencia: Contus Zakolczen.
|5 SNK IE 6130
|
| 562 |
|
|
|a Rukopisné kresby zvierat s poľskými menami.
|5 SNK IE 6130
|
| 563 |
|
|
|a Väzba: renesančná, tmavohnedá koža s ornamentálnou slepotlačou, na chrbte názov knihy, stopy po sponách.
|5 SNK IE 6130
|
| 650 |
0 |
7 |
|a teológia
|2 SNKPH
|9 1814
|
| 700 |
1 |
|
|a Cholinus, Maternus,
|d 1525-1588
|4 prt
|9 52617
|
| 700 |
0 |
|
|a Wilhelm
|c knieža bavorský
|4 hnr
|9 488413
|
| 700 |
1 |
|
|a Kanízius, Peter,
|c svätý,
|d 1521-1597
|4 dto
|9 44714
|
| 710 |
2 |
|
|a Cholinus, Maternus (Kolín nad Rýnom, Nemecko),
|d 1557-1588
|4 prt
|9 357799
|
| 710 |
2 |
|
|a Františkáni (Skalica, Slovensko)
|4 own
|9 305294
|
| 710 |
2 |
|
|a senát mesta (Kolín nad Rýnom, Nemecko)
|4 hnr
|9 488414
|
| 752 |
|
|
|a Nemecko
|d Kolín nad Rýnom
|
| 852 |
|
|
|a snk
|p IE 6130
|
| 958 |
|
|
|a ONDV
|
| 999 |
|
|
|c 757261
|d 759191
|
| 952 |
|
|
|a SNK
|b SNK
|c SNK_HF
|y PREZ
|7 0
|p 17A1357284
|o snkIE 6130
|i snk1977/1367
|8 5
|0 0
|1 0
|4 0
|d 2019-11-18
|f 1
|l 0
|r 2026-02-23 23:53:07
|w 2026-02-23
|